Nessa Barrett Charting Songs (Billboard Hot Rock) - Statistics

General Stats
  • This quiz has been taken 94 times
    19 since last reset
  • The average score is 6 of 12
Answer Stats
Album Weeks On Peak Artist(s) Song % Correct
Non-Album Single 21 Weeks #11 Nessa Barrett ft. jxdn La Di Die
93%
Young Forever 18 Weeks #14 Nessa Barrett Die First
87%
Non-Album Single 1 Week #47 Nessa Barrett Club Heaven
73%
Aftercare 1 Week #39 Nessa Barrett ft. Artemas Mustang Baby
73%
Non-Album Single 4 Weeks #23 Nessa Barrett Dying On The Inside
60%
Pretty Poison EP 21 Weeks #11 Nessa Barrett i hope ur miserable until ur dead
60%
Hell Is a Teenage Girl 2 Weeks #41 Nessa Barrett Lie
53%
Hell Is a Teenage Girl 2 Weeks #48 Nessa Barrett American Jesus
47%
Young Forever 1 Week #49 Nessa Barrett Tired of California
33%
Pretty Poison EP 1 Week #44 Nessa Barrett Keep Me Afraid
27%
Non-Album Single 1 Week #46 Nessa Barrett Counting Crimes
20%
Aftercare 1 Week #46 Nessa Barrett Passenger Princess
20%
No matching quizzes found
Score Distribution
Percent of People with Each Score
Percentile by Number Answered
Your Score History
You have not taken this quiz since the last reset